University Home | Library Home | Institutional Repository

Policy analysis. (Record no. 150318)

MARC details
000 -LEADER
fixed length control field 00571cam8a220021700 4500
001 - CONTROL NUMBER
control field zam00002343
008 - FIXED-LENGTH DATA ELEMENTS--GENERAL INFORMATION
fixed length control field 951128s1976 xx eng u
035 ## - SYSTEM CONTROL NUMBER
System control number (Sirsi) r87984
035 ## - SYSTEM CONTROL NUMBER
System control number (MACHINE)SLC.
100 ## - MAIN ENTRY--PERSONAL NAME
Personal name Dye, T. R.
Linkage A47572.1
245 10 - TITLE STATEMENT
Title Policy analysis.
260 ## - PUBLICATION, DISTRIBUTION, ETC.
Date of publication, distribution, etc. 1976.
591 ## -
-- Class code: PA 420.
591 ## -
-- Course: Public policy analysis.
591 ## -
-- School: S05.
591 ## -
-- Lecturer: Dr. MULIKITA, R.T.
591 ## -
-- Number of Students: 80.
949 ## - LOCAL PROCESSING INFORMATION (OCLC)
a H61
w lcc
m MAIN
t BOOK
l ON-SHELF
909 ## -
-- Book

No items available.

© 2026 - The University of Zambia Library - Koha v25.11